| 000 | 01092nas a2200385 4500 | ||
|---|---|---|---|
| 001 | BR2014002877 | ||
| 003 | BR-BrBNA | ||
| 005 | 20231205124006.0 | ||
| 007 | ta | ||
| 008 | 230509b bl.|||p| |||| 00| 00por d | ||
| 040 |
_aBR-BrBNA _bpor _cBiblioteca Nacional de Agricultura |
||
| 041 | _a(Pt) | ||
| 072 | _aL70; L73 | ||
| 100 | 1 | _aPinto Filho, S.T.L. | |
| 100 | 1 | _aBrun, M.V. | |
| 100 | 1 | _aDalmolin, F. | |
| 100 | 1 | _aHartmann, H. | |
| 100 | 1 | _aPereira, D.T. | |
| 100 | 1 | _aPohl, V.H. | |
| 100 | 1 | _aCoutinho Junior, A.S. | |
| 100 | 1 | _aGiglio, C.F. | |
| 100 | 1 | _aWiechetek, F.S. | |
| 100 | 1 | _aOliveira, M.T. | |
| 100 | 1 | _aGodoy, C.L.B. | |
| 100 | 1 | _aHora, A.M. | |
| 245 | 1 | _aRessecção de cisto e abscesso renais por laparoscopia em um cão | |
| 650 | _aCÃO | ||
| 650 | _aABSCESSO | ||
| 650 | _aCISTO | ||
| 650 | _aCIRURGIA | ||
| 650 | _aRIM | ||
| 773 | 0 |
_tArquivo Brasileiro de Medicina Veterinária e Zootecnia (Brazil) _xISSN 0102-0935 _g(Dec 2013), v. 65(6) p. 1651-1656 _wBR2014002877 |
|
| 909 |
_a202311 _bLúcia _c55 _dLúcia Elande |
||
| 942 |
_2AGRIS _n0 _cANA |
||
| 999 |
_c236786 _d236786 |
||